OPAC Home

මත්ද්‍ර‍ව්‍ය දුර්භාවිතය නිවාරණය හා පාලනය පිළිබඳ ශ්‍රී ලංකා ජාතික ප්‍ර‍තිපත්තිය (Record no. 140134)

MARC details
000 -LEADER
fixed length control field 00676nam a2200169Ia 4500
003 - CONTROL NUMBER IDENTIFIER
control field LK-CoDNM
008 - FIXED-LENGTH DATA ELEMENTS--GENERAL INFORMATION
fixed length control field 010623t xxu||||| |||| 00| 1 sin d
040 ## - CATALOGING SOURCE
Original cataloging agency LK-CoDNM
Modifying agency LK-CoDNM
Description conventions LK-CoDNM
041 ## - LANGUAGE CODE
Language code of text/sound track or separate title Sinhala; Sinhalese
080 ## - UNIVERSAL DECIMAL CLASSIFICATION NUMBER
Universal Decimal Classification number 343.57
Item number SLA
942 ## - ADDED ENTRY ELEMENTS (KOHA)
Koha item type Books
245 ## - TITLE STATEMENT
Title මත්ද්‍ර‍ව්‍ය දුර්භාවිතය නිවාරණය හා පාලනය පිළිබඳ ශ්‍රී ලංකා ජාතික ප්‍ර‍තිපත්තිය
246 ## - VARYING FORM OF TITLE
Title proper/short title Sri Lanka National Policy For The Prevention And Control Of Drug Abuse
260 ## - PUBLICATION, DISTRIBUTION, ETC. (IMPRINT)
Name of publisher, distributor, etc. Antharayaka Awushada Palaka Jaathika Mandalaya
300 ## - PHYSICAL DESCRIPTION
Other physical details p.32, 21 cm
650 ## - SUBJECT ADDED ENTRY--TOPICAL TERM
Topical term or geographic name as entry element Alcohol
Holdings
Withdrawn status Lost status Damaged status Not for loan Collection code Permanent Location Current Location Date acquired Full call number Barcode Koha item type
        Monographs Library National Museum Colombo - Sri Lanka Library National Museum Colombo - Sri Lanka 2023-08-02 343.57 SLA 200-P25368-384 Books
Copyright © 2023 Department of National Museum, Colombo 07, Sri Lanka Funded by UNESCO IFAP UNESCO